000 00758nam a22002177i 4500
003 URS
005 20260224133247.0
008 190206s1985 xxu||||| |||| 00| 0 eng d
040 _cURS
_dURS
050 1 4 _aSB 52.P6
_bR3116 1985
245 0 0 _aResearch techniques in crops
264 1 _aLos BaƱos, Laguna :
_bPhilippine Council for Agriculture and Resources Research and Development.
_c1985.
300 _axv, 512 pages :
_billustrations ;
_c23 cm
336 _atext
_btxt
_2rdacontent
337 _aunmediated
_bn
_2rdamedia
338 _avolume
_bnc
_2rdacarrier
490 _aBook series
_v35/1985
650 0 _aCrops
_xResearch
710 2 _93
_aPhilippine Council for Agriculture, Forestry and Natural Resources Research and Development.
942 _cF
_2lcc
999 _c98845
_d98842